| 000 -LEADER |
| fixed length control field |
01510pab a2200157 454500 |
| 008 - FIXED-LENGTH DATA ELEMENTS--GENERAL INFORMATION |
| fixed length control field |
180718b2002 xxu||||| |||| 00| 0 eng d |
| 100 ## - MAIN ENTRY--PERSONAL NAME |
| Personal name |
Nazir, Nazir A. |
| 245 ## - TITLE STATEMENT |
| Title |
Assessment of customer satisfaction in banks: an empirical study |
| 260 ## - PUBLICATION, DISTRIBUTION, ETC. |
| Date of publication, distribution, etc. |
2002 |
| 300 ## - PHYSICAL DESCRIPTION |
| Extent |
p.14-20. |
| 362 ## - DATES OF PUBLICATION AND/OR SEQUENTIAL DESIGNATION |
| Dates of publication and/or sequential designation |
Sep |
| 520 ## - SUMMARY, ETC. |
| Summary, etc. |
The most significant and probably the prominent outcome of the deregulation and relaxed economic endeavours has been the rise in the customer expectations, awareness and rights. As such, signaling clearly to almost all the organisations especially in the service sector to consequentially devise their strategies and policies. While some organisations with a proactive stance have shown desired and genuine concern for customer as a raison d'etre, some are still reactive and indifferent to these latest developments, especially in relatively less competitive environs. Against this backdrop, the present study was undertaken in a most upcoming bank in the State of J&K with a specific objective of assessing the customer satisfaction in the concerned bank. Using means and mean percentages, the results of the study reveal that customers are satisfied with the bank's services. However, these results need to be taken with caution, as the study was restricted to the Srinagar city where the customer has little chance of making service comparisons in the absence of any other competitive and advanced bank available. - Reproduced. |
| 650 ## - SUBJECT ADDED ENTRY--TOPICAL TERM |
| Topical term or geographic name entry element |
Banks |
| 773 ## - HOST ITEM ENTRY |
| Main entry heading |
Business Review |
| 909 ## - |
| -- |
56439 |